Statistics for New England Geography Trivia

Click here to take the quiz!

General Stats

  • This quiz has been taken 32 times
  • The average score is 13 of 20

Answer Stats

HintAnswer% Correct
Capital of MaineAugusta
96%
Island east of Martha's Vineyard known for its whaling historyNantucket
96%
Only national park in New EnglandAcadia National Park
93%
Largest city in MainePortland
93%
City home to the flagship campus of the UMass systemAmherst
86%
Highest mountainMount Washington
79%
Massachusetts pond that Henry David Thoreau lived on for two yearsWalden Pond
79%
Massachusetts river that flows from Hopkinton to BostonCharles River
75%
Lake that borders Vermont, New York, and QuebecLake Champlain
75%
Most populous city in ConnecticutBridgeport
71%
Longest riverConnecticut River
71%
City in Rhode Island known for its Gilded Age mansionsNewport
64%
Gulf that most of the coastline in New Hampshire and Maine is located onGulf of Maine
57%
Cliff ledges on Cannon Mountain that feature on the New Hampshire state emblem and collapsed in 2003Old Man of the Mountain
54%
Island 9 miles south of mainland Rhode Island and 14 miles east of Montauk Point, Long IslandBlock Island
50%
Oldest residential community in Boston, known for its Italian-American populationNorth End
46%
Canal that is north of Buzzards Bay and contains the Sagamore BridgeCape Cod Canal
39%
Hiking trail that runs the length of the state of VermontLong Trail
32%
Highest mountain in MaineMount Katahdin
29%
Ravine on Mount Washington known for its spring skiingTuckerman Ravine
14%

Score Distribution

Percentile by Number Answered

Percent of People with Each Score

Your Score History

You have not taken this quiz